Diacylglycerol oil (Record no. 131263)
[ view plain ]
| 000 -LEADER | |
|---|---|
| fixed length control field | 01476nam a2200337 a 4500 |
| 082 04 - DEWEY DECIMAL CLASSIFICATION NUMBER | |
| Classification number | 612/.01577 |
| 245 00 - TITLE STATEMENT | |
| Title | Diacylglycerol oil |
| 250 ## - EDITION STATEMENT | |
| Edition statement | 2nd ed. |
| 260 ## - PUBLICATION, DISTRIBUTION, ETC. (IMPRINT) | |
| Place of publication | Urbana, Ill. : |
| Name of publisher | AOCS Press, |
| Year of publication | c2008. |
| 300 ## - PHYSICAL DESCRIPTION | |
| Number of Pages | xi, 299 p. : |
| Other physical details | ill. |
| 505 0# - FORMATTED CONTENTS NOTE | |
| Formatted contents note | pt. 1. Overview -- pt. 2. Metabolism -- pt. 3. Health benefits -- pt. 4. Regulatory status and safety -- pt. 5. Physicochemical properties and application technologies -- pt. 6. Processing technologies. |
| 650 #0 - SUBJECT ADDED ENTRY--TOPICAL TERM | |
| Topical Term | Diglycerides |
| Topical Term | Diglycerides |
| 700 1# - ADDED ENTRY--PERSONAL NAME | |
| Personal name | Katsuragi, Yoshihisa. |
| 856 40 - ELECTRONIC LOCATION AND ACCESS | |
| Uniform Resource Identifier | http://site.ebrary.com/lib/rucke/Doc?id=10500198 |
No items available.
